[Event "SR 2. liga A 2016/2017"]
[Site "?"]
[Date "2017.10.28"]
[Round "1.4"]
[White "Ruckschloss, Karol"]
[Black "Farkas, Gabor"]
[Result "0-1"]
[WhiteElo "2246"]
[BlackElo "2372"]
[PlyCount "38"]
[EventDate "2017.??.??"]
[WhiteTeam "SK Slovan Bratislava D"]
[BlackTeam "SK Senec"]

1. c4 Nf6 2. d4 g6 3. Nc3 Bg7 4. e4 d6 5. Be2 O-O 6. h4 c5 7. d5 b5 8. cxb5 a6
9. Nf3 axb5 10. Bxb5 Nxe4 11. Nxe4 Qa5+ 12. Bd2 Qxb5 13. Bc3 Bxc3+ 14. bxc3 Ba6
15. Nfd2 Qd3 16. h5 Nd7 17. hxg6 fxg6 18. Qg4 Ne5 19. Qe6+ Rf7 0-1

[Event "SR 2. liga A 2016/2017"]
[Site "?"]
[Date "2017.10.28"]
[Round "1.4"]
[White "Balogh, Peter"]
[Black "Janos, Martin"]
[Result "0-1"]
[WhiteElo "2285"]
[BlackElo "2207"]
[PlyCount "106"]
[EventDate "2017.??.??"]
[WhiteTeam "SK Slovan Bratislava D"]
[BlackTeam "SK Senec"]

1. d4 c5 2. d5 e5 3. e4 d6 4. Nc3 Be7 5. Nf3 Nf6 6. Be2 Nbd7 7. a4 Nf8 8. h4
Ng6 9. g3 O-O 10. Nd2 Re8 11. Nc4 Nd7 12. Bg4 Nb6 13. Ne3 Nd7 14. Qe2 Bf8 15.
Bd2 a6 16. a5 b5 17. axb6 Nxb6 18. Bxc8 Qxc8 19. Na4 Nd7 20. b3 Ne7 21. Nb2 f5
22. Nbc4 Qb8 23. f3 Nf6 24. Qd3 f4 25. Ng4 Nh5 26. gxf4 exf4 27. Kf2 Ng6 28.
Kg2 Be7 29. Be1 Qd8 30. Ba5 Qb8 31. Be1 Rf8 32. Na5 Bf6 33. Nxf6+ Rxf6 34. Nc6
Qe8 35. Rxa6 Rxa6 36. Qxa6 h6 37. Bf2 Ng3 38. Rh3 Nxe4 39. fxe4 f3+ 40. Kh2
Qxe4 41. Qd3 Qf4+ 42. Rg3 Qxh4+ 43. Kg1 Qh5 44. Kf1 Qh1+ 45. Rg1 Qh3+ 46. Ke1
Nf4 47. Qe4 Qh5 48. c4 Ne2 49. Qg4 Qf7 50. Nd8 Qe7 51. Ne6 Nxg1 52. Bxg1 Qa7
53. Kd2 f2 0-1

[Event "SR 2. liga A 2016/2017"]
[Site "?"]
[Date "2017.10.28"]
[Round "1.4"]
[White "Kolcak, Marek"]
[Black "Koloditsova, Renata"]
[Result "1-0"]
[WhiteElo "2174"]
[BlackElo "2002"]
[PlyCount "49"]
[EventDate "2017.??.??"]
[WhiteTeam "SK Slovan Bratislava D"]
[BlackTeam "SK Senec"]

1. e4 e6 2. d4 d5 3. Nc3 Bb4 4. e5 c5 5. a3 Bxc3+ 6. bxc3 Ne7 7. Qg4 Qc7 8.
Qxg7 Rg8 9. Qxh7 cxd4 10. Ne2 Nbc6 11. f4 dxc3 12. Qd3 Bd7 13. Nxc3 a6 14. Rb1
Na5 15. Rg1 Nf5 16. g4 Rc8 17. Bd2 Nc4 18. Rg2 Nh4 19. Rg3 Bc6 20. Qh7 Nf3+ 21.
Rxf3 Rxg4 22. Bxc4 dxc4 23. Rg3 Rxg3 24. hxg3 Qe7 25. Ne2 1-0

[Event "SR 2. liga A 2016/2017"]
[Site "?"]
[Date "2017.10.28"]
[Round "1.4"]
[White "Gruca, Miroslav"]
[Black "Ac, Michal"]
[Result "0-1"]
[WhiteElo "2190"]
[BlackElo "2160"]
[PlyCount "100"]
[EventDate "2017.??.??"]
[WhiteTeam "SK Slovan Bratislava D"]
[BlackTeam "SK Senec"]

1. b3 d5 2. Bb2 Bf5 3. e3 e6 4. Nf3 Nd7 5. c4 Ngf6 6. Nc3 c6 7. Be2 h6 8. O-O
Be7 9. Nd4 Bh7 10. f4 c5 11. Nf3 O-O 12. cxd5 exd5 13. Qe1 Re8 14. Nd1 Ne4 15.
d3 Nd6 16. Ne5 Nb6 17. Rc1 Bf8 18. Ba3 f6 19. Nf3 Nf5 20. Qd2 c4 21. Bxf8 cxd3
22. Bxd3 Rxf8 23. g4 Nd6 24. Bxh7+ Kxh7 25. Nc3 Qe8 26. Qd3+ Ne4 27. Nd2 f5 28.
gxf5 Nxd2 29. Qxd2 Rxf5 30. Ne2 Rf7 31. Ng3 Rc8 32. Qd3+ Kh8 33. Nf5 Rxc1 34.
Rxc1 Rxf5 35. Qxf5 Qxe3+ 36. Kg2 Qxc1 37. Qf8+ Kh7 38. Qf5+ Kg8 39. Qe6+ Kf8
40. Qf5+ Ke8 41. Qe6+ Kd8 42. Qg8+ Kc7 43. Qxg7+ Nd7 44. Qxh6 d4 45. Qg5 Qd2+
46. Kf3 d3 47. Qb5 Qe2+ 48. Kg3 Qe3+ 49. Kg4 d2 50. Qc4+ Qc5 0-1

[Event "SR 2. liga A 2016/2017"]
[Site "?"]
[Date "2017.10.28"]
[Round "1.4"]
[White "Janos, Jozef"]
[Black "Slacky, Stanislav"]
[Result "1/2-1/2"]
[WhiteElo "2144"]
[BlackElo "2135"]
[PlyCount "54"]
[EventDate "2017.??.??"]
[WhiteTeam "SK Slovan Bratislava D"]
[BlackTeam "SK Senec"]

1. e4 Nf6 2. d3 d5 3. Nd2 Nc6 4. Ngf3 Bg4 5. Be2 dxe4 6. dxe4 e5 7. c3 Bxf3 8.
Bxf3 Be7 9. O-O O-O 10. Qb3 Na5 11. Qb5 c5 12. Rd1 Qc7 13. Nf1 h6 14. Ne3 b6
15. Nf5 Rfd8 16. Be3 Nb7 17. Qa6 Nd6 18. Nxd6 Rxd6 19. Rxd6 Bxd6 20. a4 Rb8 21.
Qc4 Be7 22. h3 Qc6 23. b4 Ne8 24. b5 Qb7 25. Rd1 Nd6 26. Qd5 Qxd5 27. Rxd5 f6
1/2-1/2

[Event "SR 2. liga A 2016/2017"]
[Site "?"]
[Date "2017.10.28"]
[Round "1.4"]
[White "Micek, Jaroslav"]
[Black "Fabry, Robert"]
[Result "1/2-1/2"]
[WhiteElo "2050"]
[BlackElo "2103"]
[PlyCount "97"]
[EventDate "2017.??.??"]
[WhiteTeam "SK Slovan Bratislava D"]
[BlackTeam "SK Senec"]

1. d4 Nf6 2. Bg5 Ne4 3. Bf4 d5 4. Nd2 Bf5 5. e3 e6 6. Nxe4 Bxe4 7. Nf3 Bd6 8.
Bg3 Nc6 9. c3 O-O 10. Nd2 Bg6 11. Bb5 Ne7 12. O-O Bxg3 13. hxg3 c6 14. Be2 b5
15. Bf3 Rb8 16. Re1 a5 17. Rc1 a4 18. b3 axb3 19. axb3 Qc7 20. Ra1 Ra8 21. b4
Rxa1 22. Qxa1 Nc8 23. Qa6 Nb6 24. Ra1 Bc2 25. Qa2 Bd3 26. Bd1 g6 27. Qa7 Qxa7
28. Rxa7 Ra8 29. Ra5 Rxa5 30. bxa5 Nc8 31. Nb3 Kf8 32. Nc5 Bc4 33. f3 Ke7 34.
Kf2 Kd6 35. g4 Kc7 36. g5 Nd6 37. Kg3 Bf1 38. Kf2 Bc4 39. Kg3 Bf1 40. Bc2 Nb7
41. Nxb7 Kxb7 42. Kf4 Ka6 43. Ke5 Bxg2 44. Bd1 Kxa5 45. Kf6 b4 46. cxb4+ Kxb4
47. Kxf7 Bh3 48. Kg7 Bf5 49. Kxh7 1/2-1/2

[Event "SR 2. liga A 2016/2017"]
[Site "?"]
[Date "2017.10.28"]
[Round "1.4"]
[White "Tepper, Frantisek"]
[Black "Pusec, Pavel"]
[Result "1/2-1/2"]
[WhiteElo "2101"]
[BlackElo "1966"]
[PlyCount "81"]
[EventDate "2017.??.??"]
[WhiteTeam "SK Slovan Bratislava D"]
[BlackTeam "SK Senec"]

1. e4 d6 2. d4 Nf6 3. Nc3 g6 4. f3 c6 5. Be3 Qc7 6. Qd2 b5 7. g4 a6 8. Bg2 Bb7
9. Nge2 Nbd7 10. Ng3 h5 11. g5 Ng8 12. h4 e6 13. Nce2 Ne7 14. f4 Nb6 15. b3
O-O-O 16. O-O Kb8 17. Rac1 Nec8 18. c4 bxc4 19. bxc4 d5 20. exd5 exd5 21. f5
Nxc4 22. Bf4 Bd6 23. Bxd6 N8xd6 24. Qd3 Rhg8 25. Nf4 Nxf5 26. Nxf5 gxf5 27.
Rce1 Bc8 28. Re2 Rde8 29. Rb1+ Ka8 30. Nxd5 cxd5 31. Bxd5+ Ka7 32. Qxc4 Qxc4
33. Bxc4 Rxe2 34. Bxe2 f6 35. Kf2 fxg5 36. hxg5 Rxg5 37. Rh1 Kb6 38. Rxh5 Rxh5
39. Bxh5 Kc7 40. Ke3 Kd6 41. Be2 1/2-1/2

[Event "SR 2. liga A 2016/2017"]
[Site "?"]
[Date "2017.10.28"]
[Round "1.4"]
[White "Pozsar, Peter"]
[Black "Hecht, Tomas"]
[Result "1/2-1/2"]
[WhiteElo "1910"]
[BlackElo "2029"]
[PlyCount "49"]
[EventDate "2017.??.??"]
[WhiteTeam "SK Slovan Bratislava D"]
[BlackTeam "SK Senec"]

1. e4 c5 2. Nf3 Nc6 3. d4 cxd4 4. Nxd4 g6 5. Be3 Nf6 6. Nc3 Bg7 7. Be2 O-O 8.
O-O d6 9. f3 Bd7 10. Qd2 Re8 11. Rad1 Qc8 12. a3 Ne5 13. b3 a6 14. Nd5 Nxd5 15.
exd5 b5 16. Rc1 Qb7 17. c4 bxc4 18. bxc4 Qc7 19. h3 Bc8 20. f4 Nd7 21. Rb1 Nc5
22. Bf3 Bd7 23. g4 Rab8 24. Kg2 e5 25. dxe6 1/2-1/2

[Event "SR 2. liga A 2016/2017"]
[Site "?"]
[Date "2017.10.28"]
[Round "1.5"]
[White "Jablonicky, Martin"]
[Black "Federic, Jozef"]
[Result "1-0"]
[WhiteElo "2319"]
[BlackElo "2271"]
[PlyCount "71"]
[EventDate "2017.??.??"]
[WhiteTeam "SK Osuske B"]
[BlackTeam "SK Modra B"]

1. d4 Nf6 2. Bf4 e6 3. e3 c5 4. Nf3 Be7 5. Nc3 O-O 6. Nb5 Nd5 7. Bd6 a6 8. Bxe7
Qxe7 9. c4 Nxe3 10. fxe3 axb5 11. cxb5 d6 12. dxc5 dxc5 13. Bd3 e5 14. Qc2 h6
15. O-O Nd7 16. Nd2 Nf6 17. Bc4 b6 18. Ne4 Nxe4 19. Qxe4 Bb7 20. Qf5 Kh8 21.
Rad1 Bc8 22. Qe4 Bb7 23. Bd5 Bxd5 24. Rxd5 Rxa2 25. Rxe5 Qd8 26. b3 Rb2 27. h3
f6 28. Re7 Qd6 29. Re8 Rxb3 30. Qc6 Rxe8 31. Qxd6 Rexe3 32. Qxb6 c4 33. Qc6 Re5
34. Rf5 Rxf5 35. Qc8+ Kh7 36. Qxf5+ 1-0

[Event "SR 2. liga A 2016/2017"]
[Site "?"]
[Date "2017.10.28"]
[Round "1.5"]
[White "Banas, Kamil"]
[Black "Karas, Marek"]
[Result "1-0"]
[WhiteElo "2247"]
[BlackElo "2252"]
[PlyCount "89"]
[EventDate "2017.??.??"]
[WhiteTeam "SK Modra B"]
[BlackTeam "SK Osuske B"]

1. e4 e6 2. d4 d5 3. Nc3 Bb4 4. e5 c5 5. a3 Bxc3+ 6. bxc3 Ne7 7. Qg4 Qc7 8.
Qxg7 Rg8 9. Qxh7 cxd4 10. Ne2 Nbc6 11. f4 dxc3 12. Qd3 Bd7 13. Nxc3 a6 14. Ne2
O-O-O 15. Bd2 Nf5 16. h3 Na5 17. g4 Ne7 18. Bxa5 Qxa5+ 19. Qc3+ Qxc3+ 20. Nxc3
Ng6 21. Ne2 Bb5 22. Nd4 Nxf4 23. Bxb5 axb5 24. Nxb5 Ng6 25. Nd6+ Kd7 26. Nxf7
Rdf8 27. Rb1 Kc6 28. O-O Rg7 29. Ng5 Rxf1+ 30. Rxf1 Nxe5 31. Nxe6 Rg8 32. Kg2
Nc4 33. Rf3 Re8 34. Nf4 Ne3+ 35. Kf2 d4 36. g5 Nxc2 37. g6 Rg8 38. h4 Ne3 39.
h5 Ng4+ 40. Kg3 Nh6 41. Kh4 Kd6 42. Nd3 Ra8 43. Nf2 Re8 44. Rf6+ Kd5 45. g7 1-0

[Event "SR 2. liga A 2016/2017"]
[Site "?"]
[Date "2017.10.28"]
[Round "1.5"]
[White "Cajka, Tibor"]
[Black "Mydlarik, Martin"]
[Result "1/2-1/2"]
[WhiteElo "2055"]
[BlackElo "2064"]
[PlyCount "45"]
[EventDate "2017.??.??"]
[WhiteTeam "SK Osuske B"]
[BlackTeam "SK Modra B"]

1. e4 e6 2. d4 d5 3. exd5 exd5 4. c4 c6 5. Nc3 Nf6 6. Bg5 Be7 7. Bd3 dxc4 8.
Bxc4 O-O 9. Nge2 b5 10. Bb3 Nbd7 11. O-O Bb7 12. Qd3 Nc5 13. Qf3 Nxb3 14. axb3
h6 15. Bxf6 Bxf6 16. Nxb5 Qb6 17. Nd6 Rad8 18. Nxb7 Qxb7 19. Rac1 Bxd4 20. Nxd4
Rxd4 21. Qxc6 Qxc6 22. Rxc6 Rd2 23. Ra6 1/2-1/2

[Event "SR 2. liga A 2016/2017"]
[Site "?"]
[Date "2017.10.28"]
[Round "1.5"]
[White "Sobek, Michal"]
[Black "Pericka, Tomas"]
[Result "1-0"]
[WhiteElo "1822"]
[BlackElo "2018"]
[PlyCount "69"]
[EventDate "2017.??.??"]
[WhiteTeam "SK Modra B"]
[BlackTeam "SK Osuske B"]

1. e4 c5 2. Nc3 Nc6 3. Nf3 g6 4. d4 cxd4 5. Nxd4 Bg7 6. Nxc6 bxc6 7. Bc4 Rb8 8.
O-O Nf6 9. e5 Nd5 10. Nxd5 cxd5 11. Qxd5 O-O 12. Rd1 Qc7 13. Bf4 Rb4 14. b3 e6
15. Qd6 Rxc4 16. bxc4 Qxc4 17. Qd4 Qxc2 18. Qxa7 Qf5 19. Qe3 f6 20. exf6 Bxf6
21. Rac1 d5 22. Re1 Bb2 23. Rb1 d4 24. Qe4 Bc3 25. Qxf5 Rxf5 26. Re4 Ba6 27.
Rxe6 Bc4 28. Rb8+ Rf8 29. Rxf8+ Kxf8 30. Rf6+ Ke7 31. Be5 g5 32. h4 Bb2 33. Rb6
Bc3 34. hxg5 Bxa2 35. Rf6 1-0

[Event "SR 2. liga A 2016/2017"]
[Site "?"]
[Date "2017.10.28"]
[Round "1.5"]
[White "Ocko, Martin"]
[Black "Sustak, Roman"]
[Result "1-0"]
[WhiteElo "1981"]
[BlackElo "1956"]
[PlyCount "83"]
[EventDate "2017.??.??"]
[WhiteTeam "SK Osuske B"]
[BlackTeam "SK Modra B"]

1. e4 e6 2. Nf3 d5 3. e5 c5 4. b4 c4 5. a3 Bd7 6. d3 b5 7. Bb2 Ne7 8. h4 Nbc6
9. d4 Qb6 10. c3 f6 11. Qe2 Qc7 12. exf6 gxf6 13. g3 e5 14. Bh3 Bxh3 15. Rxh3
Qd7 16. Rh1 e4 17. Nh2 h5 18. g4 f5 19. gxh5 O-O-O 20. Nd2 Bh6 21. O-O-O Rdg8
22. Rdg1 Bf4 23. Nhf1 Nd8 24. Kb1 Ne6 25. Ne3 Qe8 26. Ndf1 Bxe3 27. Rxg8 Qxg8
28. fxe3 f4 29. exf4 Nxf4 30. Qh2 Qg4 31. Ne3 Qf3 32. Rf1 Qxe3 33. Rxf4 Qd3+
34. Ka2 e3 35. Rf7 Qe4 36. Qd6 Rd8 37. Qxe7 Qxe7 38. Rxe7 Rh8 39. Rxe3 Rxh5 40.
Rh3 Kd7 41. Bc1 Rf5 42. h5 1-0

[Event "SR 2. liga A 2016/2017"]
[Site "?"]
[Date "2017.10.28"]
[Round "1.5"]
[White "Horvath, Marek"]
[Black "Nemeckay, Rastislav"]
[Result "1-0"]
[WhiteElo "1821"]
[BlackElo "1975"]
[PlyCount "89"]
[EventDate "2017.??.??"]
[WhiteTeam "SK Modra B"]
[BlackTeam "SK Osuske B"]

1. e4 e5 2. Nf3 Nc6 3. d4 exd4 4. Nxd4 Nf6 5. Nxc6 bxc6 6. Bd3 d6 7. O-O Be7 8.
Re1 O-O 9. h3 Nd7 10. Be3 Ne5 11. Bf1 Bf6 12. c3 a5 13. a4 Rb8 14. f4 Ng6 15.
Qc2 Bh4 16. Rd1 Qf6 17. f5 Ne5 18. Nd2 Bg5 19. Bf2 g6 20. Nc4 Nxc4 21. Bxc4 c5
22. fxg6 hxg6 23. Rf1 Qe5 24. Rad1 Be6 25. Bxe6 Qxe6 26. Rd5 Bh6 27. Rfd1 Bf4
28. Re1 Be5 29. Re2 c6 30. Rd1 Rb3 31. Be3 Rfb8 32. Bc1 Qc4 33. Qd3 Qxa4 34. h4
Qb5 35. Qf3 Qc4 36. h5 Qe6 37. hxg6 Qxg6 38. Rf1 Bd4+ 39. Be3 Bxe3+ 40. Rxe3
R3b7 41. Qf4 Kf8 42. Rg3 Qe6 43. Qg5 Rxb2 44. Rf6 Qc4 45. Rh3 1-0

[Event "SR 2. liga A 2016/2017"]
[Site "?"]
[Date "2017.10.28"]
[Round "1.5"]
[White "Jarabek, Milan"]
[Black "Soldan, Jan"]
[Result "1/2-1/2"]
[WhiteElo "1738"]
[BlackElo "1790"]
[PlyCount "149"]
[EventDate "2017.??.??"]
[WhiteTeam "SK Osuske B"]
[BlackTeam "SK Modra B"]

1. e4 c5 2. Nf3 d6 3. Bb5+ Bd7 4. Bxd7+ Nxd7 5. d4 cxd4 6. Qxd4 e5 7. Qd1 Ngf6
8. Bg5 h6 9. Bxf6 Nxf6 10. Nc3 Qb6 11. O-O Qxb2 12. Qd3 Rc8 13. Nd5 Qxc2 14.
Nxf6+ gxf6 15. Qe3 Qc5 16. Rac1 Qxe3 17. Rxc8+ Kd7 18. Rxf8 Qxf3 19. Rxf7+ Ke6
20. gxf3 Rg8+ 21. Kh1 Kxf7 22. Rc1 Rg7 23. Rc7+ Kg6 24. Rc8 Rd7 25. Kg2 d5 26.
exd5 Rxd5 27. Rc7 Rb5 28. a4 Rb4 29. a5 a6 30. Kg3 Rb5 31. h4 Rxa5 32. Rxb7 Ra1
33. Ra7 Kf5 34. Rh7 Kg6 35. Ra7 a5 36. Kg4 h5+ 37. Kg3 a4 38. Ra5 Kf5 39. Ra6
a3 40. Ra4 a2 41. Kg2 Ke6 42. f4 Kf5 43. fxe5 fxe5 44. Kf3 Ke6 45. Ke2 Kd5 46.
Kf3 Kc5 47. Kg2 e4 48. Ra8 Kc4 49. Ra7 Kd3 50. Ra3+ Kd4 51. Ra4+ Ke5 52. Ra5+
Kf4 53. Ra4 Kf5 54. Ra5+ Kg4 55. Ra4 Kxh4 56. Rxe4+ Kg5 57. Ra4 h4 58. Ra5+ Kf4
59. Ra4+ Ke5 60. Kh2 Kd5 61. Kg2 Kc5 62. Kh2 Kb5 63. Ra8 Kc4 64. Ra7 Kd3 65.
Ra3+ Ke4 66. Ra8 Kf3 67. Ra7 Kxf2 68. Rf7+ Ke3 69. Ra7 Kd4 70. Ra8 Kc3 71. Ra7
Kb3 72. Rb7+ Ka3 73. Ra7+ Kb2 74. Rb7+ Kc3 75. Ra7 1/2-1/2

[Event "SR 2. liga A 2016/2017"]
[Site "?"]
[Date "2017.10.28"]
[Round "1.6"]
[White "Castiglione, Mario"]
[Black "Bronis, Marian"]
[Result "1-0"]
[WhiteElo "2242"]
[BlackElo "2080"]
[PlyCount "207"]
[EventDate "2017.??.??"]
[WhiteTeam "SK Nafta Gbely"]
[BlackTeam "SK Krasnany"]

1. e4 c5 2. d4 e6 3. d5 exd5 4. exd5 d6 5. Bb5+ Bd7 6. a4 Be7 7. Nf3 Nf6 8. O-O
O-O 9. Nc3 Bg4 10. a5 a6 11. Be2 Nbd7 12. Nd2 Bxe2 13. Qxe2 b5 14. axb6 Nxb6
15. Qd3 Ra7 16. Nc4 Nxc4 17. Qxc4 Qa8 18. Re1 Rb8 19. Ra4 Bf8 20. b3 Rb4 21.
Rxb4 cxb4 22. Qxb4 Nxd5 23. Nxd5 Qxd5 24. Be3 Rc7 25. c4 Qc6 26. Qd2 Rb7 27.
Qd3 Rb8 28. Bd2 Rc8 29. Qe4 Qxe4 30. Rxe4 f5 31. Rd4 Kf7 32. Kf1 Ke6 33. Ke2
Be7 34. Kd3 Bf6 35. Rd5 Rc5 36. Rxc5 dxc5 37. f3 Be5 38. h3 h5 39. Bg5 Bc7 40.
Bh4 Ba5 41. Bf2 Bb4 42. Be3 Ke5 43. Bc1 g6 44. Be3 Kd6 45. Bf4+ Ke6 46. Ke3 Bc3
47. Kd3 Bb4 48. Bc1 Ke5 49. Ke3 Bc3 50. g3 Kf6 51. Ba3 Bd4+ 52. Kd3 Bf2 53.
Bb2+ Ke6 54. g4 Bg3 55. Bc3 Be5 56. Bd2 Bd6 57. Be3 Kd7 58. Kc3 Be5+ 59. Kc2
Kc6 60. Kb1 Bc3 61. Ka2 Kd6 62. gxh5 gxh5 63. Ka3 Bb4+ 64. Kb2 Ke5 65. Kc2 Ba3
66. Kd3 Bb4 67. Bc1 Be1 68. Bh6 Bf2 69. Kd2 Bg1 70. Ke2 Ke6 71. Bg7 Bh2 72. Kf2
Be5 73. Bf8 Bd6 74. Bh6 Be5 75. Ke3 Kd6 76. Bf8+ Kc6 77. Be7 Bg3 78. Ke2 Kb6
79. Ke3 Kc6 80. Bg5 Be5 81. Bf4 Bf6 82. Kf2 Kb6 83. Kg3 h4+ 84. Kf2 Kc6 85. Ke2
Kb6 86. Bh6 Kc6 87. Ke3 Be5 88. Bg5 Bg3 89. Bf4 Be1 90. Ke2 Bc3 91. Bg5 Kb6 92.
Bd8+ Kc6 93. Bxh4 Bd4 94. Bf2 Be5 95. Kd3 Bf4 96. h4 Be5 97. Be3 Kd6 98. Bh6
Ke6 99. Bf8 Bd4 100. b4 Bf6 101. h5 cxb4 102. Bxb4 Be5 103. h6 Kf7 104. Bc3 1-0

[Event "SR 2. liga A 2016/2017"]
[Site "?"]
[Date "2017.10.28"]
[Round "1.6"]
[White "Biro, Karol"]
[Black "Danada, Tomas"]
[Result "0-1"]
[WhiteElo "2095"]
[BlackElo "2214"]
[PlyCount "70"]
[EventDate "2017.??.??"]
[WhiteTeam "SK Krasnany"]
[BlackTeam "SK Nafta Gbely"]

1. d4 d5 2. Nf3 e6 3. Bg5 f6 4. Bh4 Nh6 5. e3 Nf5 6. Bd3 Nxh4 7. Nxh4 g6 8. f4
c5 9. c3 Nc6 10. O-O Qb6 11. Rf2 Bd7 12. a3 c4 13. Bf1 Na5 14. Nd2 Bd6 15. e4
O-O-O 16. e5 fxe5 17. fxe5 Be7 18. Nhf3 g5 19. Rb1 g4 20. Ne1 Bg5 21. Re2 Be8
22. b3 Bg6 23. bxc4 Bxb1 24. c5 Qc7 25. Qxb1 Rhf8 26. Nc2 Rf7 27. Ne3 Rdf8 28.
g3 Rf2 29. Qe1 Bxe3 30. Rxe3 Qf7 31. Re2 Rf5 32. Bg2 Qd7 33. h3 h5 34. Qc1 Qa4
35. c4 Nc6 0-1

[Event "SR 2. liga A 2016/2017"]
[Site "?"]
[Date "2017.10.28"]
[Round "1.6"]
[White "Sosovicka, Juraj"]
[Black "Janos, Ivan"]
[Result "0-1"]
[WhiteElo "2123"]
[BlackElo "2073"]
[PlyCount "68"]
[EventDate "2017.??.??"]
[WhiteTeam "SK Nafta Gbely"]
[BlackTeam "SK Krasnany"]

1. b3 e5 2. Bb2 Nc6 3. e3 Be7 4. Bb5 Bf6 5. Ne2 e4 6. Bxf6 Nxf6 7. Nbc3 Ne5 8.
Ng3 c6 9. Be2 d5 10. O-O h5 11. d4 Neg4 12. h3 h4 13. Nh1 Nh6 14. f3 Nf5 15.
Qd2 Ng3 16. Nxg3 hxg3 17. Qe1 Qd6 18. f4 Rh6 19. Na4 Bxh3 20. gxh3 Rxh3 21. Kg2
Rh2+ 22. Kxg3 Ng4 23. Rh1 Qh6 24. Rxh2 Qxh2+ 25. Kxg4 O-O-O 26. Qh1 Qxe2+ 27.
Kf5 g6+ 28. Kf6 Qg4 29. Nc5 b6 30. Nxe4 Qf5+ 31. Kg7 dxe4 32. Qh4 Qe6 33. Rh1
f5 34. Qg5 Rg8+ 0-1

[Event "SR 2. liga A 2016/2017"]
[Site "?"]
[Date "2017.10.28"]
[Round "1.6"]
[White "Mandak, Miroslav"]
[Black "Pribila, Gerhard"]
[Result "1/2-1/2"]
[WhiteElo "1968"]
[BlackElo "2125"]
[PlyCount "80"]
[EventDate "2017.??.??"]
[WhiteTeam "SK Krasnany"]
[BlackTeam "SK Nafta Gbely"]

1. b3 e5 2. Bb2 Nc6 3. e3 Nf6 4. Nf3 Bd6 5. c4 e4 6. Nd4 Nxd4 7. Bxd4 Qe7 8.
Be2 Be5 9. Bxe5 Qxe5 10. Nc3 O-O 11. Rc1 Qg5 12. O-O d5 13. f4 exf3 14. Bxf3
dxc4 15. bxc4 c6 16. Ne4 Nxe4 17. Bxe4 Bg4 18. Qc2 g6 19. Bf3 Bf5 20. e4 Be6
21. d4 Rfd8 22. Qc3 Rac8 23. Rcd1 b6 24. Qd3 Qa5 25. Qe2 Qa6 26. d5 cxd5 27.
cxd5 Qxe2 28. Bxe2 Bd7 29. Rc1 Rxc1 30. Rxc1 Rc8 31. Rxc8+ Bxc8 32. Kf2 Kf8 33.
Ke3 Ke7 34. e5 Bd7 35. Kd4 Kd8 36. a3 Ke7 37. g3 Kd8 38. Bd3 Ke7 39. Be2 Kd8
40. Bd3 Ke7 1/2-1/2

[Event "SR 2. liga A 2016/2017"]
[Site "?"]
[Date "2017.10.28"]
[Round "1.6"]
[White "Sebo, Viktor"]
[Black "Kebis, Milos"]
[Result "1-0"]
[WhiteElo "2004"]
[BlackElo "1849"]
[PlyCount "67"]
[EventDate "2017.??.??"]
[WhiteTeam "SK Nafta Gbely"]
[BlackTeam "SK Krasnany"]

1. e4 g6 2. d4 Bg7 3. Nc3 d6 4. Be3 Nf6 5. Be2 Nbd7 6. Qd2 e5 7. O-O-O exd4 8.
Bxd4 O-O 9. h4 Re8 10. h5 c5 11. Be3 Nxe4 12. Nxe4 Rxe4 13. hxg6 hxg6 14. Qxd6
Qa5 15. a3 Re6 16. Qd2 Qb6 17. c3 Re8 18. Nf3 Nf6 19. Ng5 Qb3 20. Bxc5 Bf5 21.
Rh4 Qa2 22. Bd3 Rad8 23. Bd4 Qd5 24. Bxf5 Qxf5 25. Qf4 Rxd4 26. Rxd4 Re1+ 27.
Kd2 Qxf4+ 28. Rhxf4 Re8 29. Rd6 Bh6 30. Rdxf6 Bxg5 31. Rxf7 b6 32. g3 a5 33.
Kd3 Rd8+ 34. Kc4 1-0

[Event "SR 2. liga A 2016/2017"]
[Site "?"]
[Date "2017.10.28"]
[Round "1.6"]
[White "Faltan, Peter"]
[Black "Ambros, Rafael"]
[Result "1/2-1/2"]
[WhiteElo "1983"]
[BlackElo "1989"]
[PlyCount "120"]
[EventDate "2017.??.??"]
[WhiteTeam "SK Krasnany"]
[BlackTeam "SK Nafta Gbely"]

1. d4 d5 2. c4 c6 3. Nc3 e6 4. Nf3 dxc4 5. e3 b5 6. a4 Bb4 7. Bd2 a5 8. Ne5 Bb7
9. Ne4 Na6 10. Nc3 Bxc3 11. bxc3 Ne7 12. Rb1 Qd5 13. f3 f6 14. Nxc4 bxc4 15.
Rxb7 f5 16. Qe2 Kf7 17. Qxc4 Rhb8 18. Qxd5 cxd5 19. Bxa6 Rxb7 20. Bxb7 Ra7 21.
Bxd5 exd5 22. Kd1 Rb7 23. Kc2 Rc7 24. Rb1 Rc4 25. Kb3 Rc6 26. Ka3 Rh6 27. Rg1
Rc6 28. Re1 Rg6 29. Re2 Re6 30. Kb3 Rb6+ 31. Kc2 Nc6 32. e4 fxe4 33. fxe4 dxe4
34. Rxe4 Ra6 35. d5 Nb8 36. Be3 Rg6 37. g4 Nd7 38. Bd4 Nf6 39. Rf4 Ke7 40. c4
h5 41. h3 hxg4 42. Bxf6+ gxf6 43. hxg4 Kd6 44. Kd3 Kc5 45. Re4 Rh6 46. Ke3 Rh3+
47. Kf4 Ra3 48. Kf5 Rxa4 49. Kxf6 Ra1 50. g5 a4 51. Ke7 a3 52. d6 Rd1 53. Re2
Rxd6 54. Re5+ Kc6 55. Ra5 Rd3 56. g6 Rg3 57. Kf7 Rf3+ 58. Kg8 Kb6 59. Ra4 Kc5
60. Kg7 Kb6 1/2-1/2

[Event "SR 2. liga A 2016/2017"]
[Site "?"]
[Date "2017.10.28"]
[Round "1.6"]
[White "Danada, Ondrej"]
[Black "Mikulasek, Viktor"]
[Result "0-1"]
[WhiteElo "1869"]
[BlackElo "1818"]
[PlyCount "50"]
[EventDate "2017.??.??"]
[WhiteTeam "SK Nafta Gbely"]
[BlackTeam "SK Krasnany"]

1. e4 g6 2. d4 Bg7 3. Nc3 d6 4. h4 h5 5. Bg5 Nf6 6. Qd2 Nbd7 7. O-O-O c6 8. f4
Nh7 9. f5 Nxg5 10. hxg5 Nf8 11. fxg6 Nxg6 12. Be2 Bg4 13. Nh3 Qd7 14. Nf4 Nxf4
15. Qxf4 Bxe2 16. Nxe2 f6 17. Qf3 fxg5 18. Rxh5 O-O-O 19. Rdh1 Rxh5 20. Rxh5 c5
21. dxc5 dxc5 22. Qf5 e6 23. Qxc5+ Kb8 24. Kb1 Qd1+ 25. Nc1 Qxh5 0-1

[Event "SR 2. liga A 2016/2017"]
[Site "?"]
[Date "2017.10.28"]
[Round "1.6"]
[White "Mikudik, Ivan"]
[Black "Zajicek, Ferdinand"]
[Result "1-0"]
[WhiteElo "1834"]
[BlackElo "1806"]
[PlyCount "20"]
[EventDate "2017.??.??"]
[WhiteTeam "SK Krasnany"]
[BlackTeam "SK Nafta Gbely"]

1. d4 d5 2. c4 c6 3. Nc3 g6 4. Bf4 Bg7 5. e3 Nf6 6. Qb3 O-O 7. Nf3 Nbd7 8. cxd5
cxd5 9. Nxd5 Qa5+ 10. Nc3 Nd5 1-0

[Event "SR 2. liga A 2016/2017"]
[Site "?"]
[Date "2017.10.29"]
[Round "2.1"]
[White "Kovacocy, Pavol"]
[Black "Schwarz, Dusan"]
[Result "1-0"]
[WhiteElo "2243"]
[BlackElo "2306"]
[PlyCount "167"]
[EventDate "2017.??.??"]
[WhiteTeam "Lokomotiva Trnava B"]
[BlackTeam "SK Doprastav Bratislava A"]

1. e4 e5 2. Nf3 Nc6 3. Bc4 Bc5 4. c3 Nf6 5. d3 a6 6. Bb3 d6 7. h3 Ba7 8. Nbd2
O-O 9. Nf1 Ne7 10. Nh4 d5 11. Qf3 c6 12. Bg5 Qd6 13. Ng3 Rd8 14. Rd1 h6 15.
Bxf6 Qxf6 16. Qxf6 gxf6 17. Ke2 Ng6 18. Ngf5 Nxh4 19. Nxh4 Kf8 20. g4 Ke7 21.
Rhg1 Kd6 22. Rg3 Rg8 23. Rdg1 Be6 24. Nf5+ Kc7 25. Nxh6 Rh8 26. Nf5 Bc5 27. Rf3
Rad8 28. Ne3 a5 29. Rgg3 Be7 30. Nf5 Bf8 31. h4 a4 32. Bxa4 dxe4 33. dxe4 Bxa2
34. Bc2 Bc4+ 35. Bd3 Be6 36. h5 Bh6 37. Nxh6 Rxh6 38. Re3 Rg8 39. Kf3 Rh7 40.
Be2 Rhg7 41. Kg2 Rd8 42. Rd3 Ra8 43. Rd2 Rag8 44. Rd1 Rg5 45. f3 f5 46. exf5
Bxf5 47. Kf2 Be6 48. Rgg1 Rh8 49. Bd3 Rh6 50. Be4 Bc8 51. Ke3 f5 52. f4 Rg8 53.
Bxf5 Bxf5 54. gxf5 Rf8 55. Rg7+ Kb6 56. Rg5 Re8 57. Rd2 Kc5 58. fxe5 Rxe5+ 59.
Kf4 Re1 60. Rh2 Rf1+ 61. Kg4 Rg1+ 62. Kh4 Rf1 63. Rg6 Rh8 64. Kg5 Rf8 65. f6
Kd6 66. Kh6 R1xf6 67. Rxf6+ Rxf6+ 68. Kg7 Rf1 69. Rg2 Ke7 70. h6 Rf7+ 71. Kg6
Rf6+ 72. Kg5 Kf7 73. Rd2 Rg6+ 74. Kh5 Rg1 75. Rd7+ Kf6 76. h7 Rh1+ 77. Kg4 Ke6
78. Rxb7 Kd6 79. Kf5 Rh6 80. Kg5 Rh2 81. Kf6 Rf2+ 82. Kg7 Rg2+ 83. Kf8 Rf2+ 84.
Kg8 1-0